000 01539 a2200301 4500
003 Nust
005 20220729185149.0
010 _a 2005295471
020 _a0120656043
035 _a(OCoLC)ocm57470064
040 _cNust
082 0 0 _a515.357,AST
100 0 _aAster, Richard C.
_995829
245 1 0 _aParameter estimation and inverse problems /
_cRichard C. Aster, Brian Borchers, and Clifford H. Thurber.
260 _aAmsterdam ;
_aBoston :
_bElsevier Academic Press,
_cc2005.
300 _axii, 301 p. :
_bill. ;
_c24 cm. +
_e1 CD-ROM (4 3/4 in.)
440 0 _aInternational geophysics series
_v; v. 90
_995830
505 _aIntroduction (Page-1), Linear Regression (Page-15), Discretizing Continuous Inverse Problems (Page-41), Rank Deficiency and ILL- Conditioning (Page-55),Tikhonov Regularization (Page-89), Iterative Methods (Page-119), Additional Regularization Techniques (Page-139), Fourier Techniques (Page-153),Nonlinear Regression (Page- 171), Nonlinear Inverse Problems (Page-191), Bayesian Methods (Page-201).
650 0 _aInverse problems (Differential equations)
_982495
650 0 _aInversion (Geophysics)
_995831
650 0 _aMathematical models.
_93646
650 0 _aParameter estimation.
_939511
700 1 _aBorchers, Brian.
_995832
700 1 _aThurber, Clifford H.
_995833
856 4 2 _3Publisher description
_uhttp://www.loc.gov/catdir/enhancements/fy0627/2005295471-d.html
856 4 2 _3Table of contents only
_uhttp://www.loc.gov/catdir/enhancements/fy0627/2005295471-t.html
942 _cREF
_2ddc
999 _c175412
_d175412